Länder mit den höchsten Ölreserven - Statistiken

Allgemein
  • Dieses Quiz wurde 367 mal gespielt
  • Das Durchschnittsergebnis liegt bei 9 aus 13
Antwortstatistiken
in Mrd. Tonnen Antwort % Korrekt
40,9 Saudi-Arabien
96%
8,2 Vereinigte Staaten
94%
14,8 Russland
93%
3,5 China
88%
21,7 Iran
82%
19,6 Irak
80%
27,1 Kanada
79%
13 VAE
57%
14 Kuwait
56%
48 Venezuela
47%
3,9 Kasachstan
46%
5 Nigeria
31%
6,3 Libyen
30%
Keine übereinstimmenden Quizze gefunden
Verteilung der Resultate
Anzahl Personen mit jedem Resultat
Perzentil nach korrekt beantworteten Fragen
Ihre Resultats-Entwicklung
Sie haben dieses Quiz noch nicht gespielt